F1 Winners: San Marino Grand Prix - Statistics

General Stats
  • This quiz has been taken 682 times
  • The average score is 22 of 26
Answer Stats
Season Track Winner % Correct
1994 Imola Michael Schumacher
99%
1999 Imola Michael Schumacher
99%
2000 Imola Michael Schumacher
99%
2002 Imola Michael Schumacher
99%
2003 Imola Michael Schumacher
99%
2004 Imola Michael Schumacher
99%
2006 Imola Michael Schumacher
99%
2001 Imola Ralf Schumacher
99%
1988 Imola Ayrton Senna
98%
1989 Imola Ayrton Senna
98%
1991 Imola Ayrton Senna
98%
1984 Imola Alain Prost
97%
1986 Imola Alain Prost
97%
1993 Imola Alain Prost
97%
1995 Imola Damon Hill
94%
1996 Imola Damon Hill
94%
2005 Imola Fernando Alonso
93%
1987 Imola Nigel Mansell
90%
1992 Imola Nigel Mansell
90%
1981 Imola Nelson Piquet
88%
1998 Imola David Coulthard
76%
1997 Imola Heinz-Harald Frentzen
59%
1990 Imola Riccardo Patrese
57%
1982 Imola Didier Pironi
45%
1985 Imola Elio de Angelis
30%
1983 Imola Patrick Tambay
27%
No matching quizzes found
Score Distribution
Percent of People with Each Score
Percentile by Number Answered
Your Score History
You have not taken this quiz